Logo BPK

Biblioteka

Politechniki Koszalińskiej

Koncentracja obrotów i rozmieszczenie magazynów handlowych.Z.32 / (Rekord nr 27925)

Szczegóły MARC
000 -ETYKIETA REKORDU
podpole kontrolne o stałej długości 00457nam a2200157 i 4500
001 - NUMER KONTROLNY REKORDU
pole kontrolne bg
040 ## - ŹRÓDŁO KATALOGOWANIA
Instytucja, która utworzyła rekord BPK
041 ## - KOD JĘZYKA
Kod języka tekstu pol
008 - POLE O STAŁEJ DŁUGOŚCI - DANE KONTROLNE
podpole kontrolne o stałej długości s pl f |000 0 pol
100 1# - NAZWA OSOBOWA
Nazwa osobowa KUBIS, Tadeusz
245 #0 - TYTUŁ/ODPOWIEDZIALNOŚĆ
Tytuł Koncentracja obrotów i rozmieszczenie magazynów handlowych.Z.32 /
Pozostałe elementy strefy tytułu i oznaczenia odpowiedzialności Tadeusz Kubis, Anna Kosman-Chodorowska, Janusz Zrobek.
260 ## - STREFA ADRESU WYDAWNICZEGO
Miejsce wydania Poznań,
Data publikacji, dystrybucji/powstania dokumentu 1977.
700 1# - HASŁO DODATKOWE - NAZWA OSOBOWA
Nazwa osobowa KOSMAN-CHODOROWSKA, Anna
700 1# - HASŁO DODATKOWE - NAZWA OSOBOWA
Nazwa osobowa ZROBEK, Janusz
856 ## - LOKALIZACJA I DOSTĘP DO ELEKTRONICZNYCH DOKUMENTÓW ZDALNYCH
Link (URL) http://koha.tu.koszalin.pl/cgi-bin/koha/opac-detail.pl?biblionumber=27925
Tekst linku Katalog online BPK
942 ## - DODATKOWE ELEMENTY (KOHA)
Typ dokumentu Książka
Egzemplarze
Wycofany Status egzemplarza Uszkodzony Dostępność Lokalizacja stała Lokalizacja bieżąca Miejsce przechowywania Sygnatura Kod kreskowy Typ dokumentu
      Dostępny Biblioteka Politechniki Koszalińskiej Biblioteka Politechniki Koszalińskiej Wypożyczalnia BG 23073 01686289 Książka
© 2023 Biblioteka Politechniki Koszalińskiej :: KOHA